Háboru és a drágasság

Cenová politika počas vojen. Roky 1564 a 1708 priblížené z archívych materiálov. [Článok z pera košického archivára.]

Podrobná bibliografia
Hlavný autor: Kemény, Ľudovít (Author)
Médium: Článok
Jazyk:Hungarian
Témy:
Zdroj: 1. Felvidéki Hirlap 1. Roč. 12, č. 4 (31.01.1918) s. 3
LEADER 00938nab#a2200337#ar4500
001 000074745
003 SVKKK
005 20050419xxxxxxx.
008 06 c xo huno
FMT
038 |a SVKKK 
040 |a SVKKK  |b slo  |e AACR2 
041 0 |a hun 
044 |a xo  |c SK 
080 |a 355.01(091) 
100 1 |a Kemény, Ľudovít  |4 aut 
242 1 0 |a Vojna a drahota 
245 1 0 |a Háboru és a drágasság  |c Ľudovít Kemény 
500 |a Lajos 
500 |a mikrofilm 
520 2 |a Cenová politika počas vojen. Roky 1564 a 1708 priblížené z archívych materiálov. [Článok z pera košického archivára.] 
650 0 4 |a vojny - politika cenová - roky 1564-1708 - prehľady archívne 
773 0 |t Felvidéki Hirlap  |g Roč. 12, č. 4 (31.01.1918) s. 3 
957 |a Košice 
957 |a Uhorsko 
958 |a DG 
958 |a SK 
974 |a Ba  |d 20050419 
992 |a RBX 
BAS
998 |a RETRO